000 00983 a2200205 4500
003 Nust
005 20230516104119.0
010 _a 84027341
020 _a0881341436 (pbk.) :
040 _cNust
082 0 0 _a001.642,SAC
100 1 _aSachs, Jonathan.
_9112237
245 1 4 _aCP/M-86 user's guide /
_cJonathan Sachs.
260 _aBerkeley, Calif. :
_bOsborne McGraw-Hill,
_cc1985.
300 _aviii, 568 p. :
_bill. ;
_c24 cm.
505 _aIntroduction (Page-vii), CP/M and Your Computer (Page-1), Getting Started (Page-15), More About Your System (Page-43), More About files (Page-65), DR EDIX a Text Editor (Page-91), Making Backups (Page-117), Printing Data in CP/M (Page-141), Advanced System Features (Page-187), Concurrent Operations (Page-233), Communicating with Other Computers (Page-275), DR/NET the Digital Research Local Area Network (Page-309).
710 2 _aOsborne/McGraw-Hill.
_9112238
740 0 _aCP/M-86 user's guide.
942 _2ddc
_cBKB
_k001.642,SAC
999 _c179801
_d179801